[Event "La Roda op 49th"]
[Site "La Roda"]
[Date "2023.04.06"]
[Round "3"]
[White "Macias Sanchez, Homero"]
[Black "Tudela Corbalan, Carlos"]
[Result "1/2-1/2"]
[WhiteElo "1940"]
[BlackElo "2254"]
[PlyCount "88"]
[EventDate "2023.04.05"]
[EventType "swiss"]
[EventRounds "9"]
[EventCountry "ESP"]
[SourceTitle "CBM 213 Extra"]
[Source "ChessBase"]
[SourceDate "2023.05.31"]
[SourceVersion "1"]
[SourceVersionDate "2023.05.31"]
[SourceQuality "1"]

1. e4 e5 2. Nf3 Nc6 3. Bb5 a6 4. Ba4 Nf6 5. 0-0 b5 6. Bb3 Be7 7. d4 d6 8. c3 0-0 9. Re1 Bb7 10. Nbd2 h6 11. Nf1 Re8 12. Ng3 Bf8 13. h3 Qd7 14. Nh4 d5 15. exd5 Nxd5 16. Nhf5 exd4 17. Rxe8 Rxe8 18. Qg4 Kh7 19. Bxh6 Ne5 20. Qe4 Ng6 21. Qxd4 gxh6 22. Rd1 c5 23. Qd2 c4 24. Bc2 Qc7 25. Ne4 Re6 26. b4 Qf4 27. Ne3 Nxe3 28. fxe3 Qe5 29. Nf2 Qg5 30. Ng4 h5 31. Qf2 Re7 32. Nf6+ Kg7 33. Rf1 Qxe3 34. Nxh5+ Kg8 35. Nf6+ Kh8 36. Qxe3 Rxe3 37. Nd7 Bd6 38. Rxf7 Bg3 39. Bxg6 Re1+ 40. Rf1 Re2 41. Rf7 Re1+ 42. Rf1 Bh2+ 43. Kf2 Bg3+ 44. Kg1 Bh2+ 1/2-1/2

[Event "ESP-chT Rapid"]
[Site "Ciudad Real"]
[Date "2021.10.09"]
[Round "4.3"]
[White "Tudela Corbalan, Carlos"]
[Black "Vallejo Pons, Francisco"]
[Result "0-1"]
[WhiteElo "2225"]
[BlackElo "2701"]
[PlyCount "74"]
[EventDate "2021.10.09"]
[EventType "team-swiss (rapid)"]
[EventRounds "9"]
[EventCountry "ESP"]
[SourceTitle "CBM 204 Extra"]
[Source "ChessBase"]
[SourceDate "2021.11.30"]
[SourceVersion "1"]
[SourceVersionDate "2021.11.30"]
[SourceQuality "1"]
[WhiteTeam "Beniajan Duochess CAC II"]
[BlackTeam "Paterna Andreu"]
[WhiteTeamCountry "ESP"]
[BlackTeamCountry "ESP"]

1. c4 f5 2. g3 Nf6 3. Bg2 e5 4. Nc3 Bb4 5. Qc2 0-0 6. a3 Bxc3 7. Qxc3 d6 8. Nf3 Nc6 9. b4 Qe8 10. Bb2 Qh5 11. h3 Be6 12. Qc2 Rae8 13. 0-0-0 Qg6 14. d4 e4 15. Nh4 Qh6+ 16. Qd2 Qxd2+ 17. Rxd2 d5 18. cxd5 Nxd5 19. g4 Nce7 20. gxf5 Nxf5 21. Nxf5 Bxf5 22. e3 Rf6 23. Rc2 c6 24. b5 cxb5 25. Rc5 Rc6 26. Kb1 Rxc5 27. dxc5 Rd8 28. Bd4 Nf4 29. Bf1 Nd3 30. Rg1 g6 31. Bxd3 exd3 32. h4 d2+ 33. Kb2 Bg4 34. Kc2 d1Q+ 35. Rxd1 Bxd1+ 36. Kxd1 Rd5 37. Kc2 Rh5 0-1

[Event "La Roda op 46th"]
[Site "La Roda"]
[Date "2019.04.21"]
[Round "8"]
[White "Tudela Corbalan, Carlos"]
[Black "Valmana Canto, Jaime"]
[Result "1-0"]
[WhiteElo "2252"]
[BlackElo "2377"]
[PlyCount "77"]
[EventDate "2019.04.17"]
[EventType "swiss"]
[EventRounds "9"]
[EventCountry "ESP"]
[SourceTitle "EXT 2020"]
[Source "ChessBase"]
[SourceDate "2019.10.17"]
[SourceVersion "1"]
[SourceVersionDate "2019.10.17"]
[SourceQuality "1"]

1. c4 e5 2. g3 Nf6 3. Bg2 c6 4. b3 d5 5. Bb2 Bd6 6. e3 0-0 7. Ne2 Na6 8. 0-0 Re8 9. d3 Be6 10. Nbc3 Qd7 11. Qd2 Bh3 12. e4 Bb4 13. Qc2 h5 14. a3 Bf8 15. b4 h4 16. f3 dxc4 17. dxc4 Be6 18. Rfd1 Qc7 19. Na4 h3 20. Bf1 Nh7 21. Qc3 f6 22. Bc1 Qf7 23. Nb2 Nc7 24. g4 a5 25. Be3 Ng5 26. Bxg5 fxg5 27. Ng3 Na6 28. c5 b6 29. Nc4 axb4 30. axb4 Nxb4 31. Nd6 Bxd6 32. cxd6 Rxa1 33. Rxa1 c5 34. Nf5 Qf6 35. Ra7 Bxf5 36. gxf5 Qxd6 37. Qb3+ Kh7 38. Qf7 Rg8 39. f6 1-0

[Event "La Roda op 46th"]
[Site "La Roda"]
[Date "2019.04.18"]
[Round "3"]
[White "Tejedor Fuente, Enrique"]
[Black "Tudela Corbalan, Carlos"]
[Result "1-0"]
[WhiteElo "2429"]
[BlackElo "2252"]
[PlyCount "79"]
[EventDate "2019.04.17"]
[EventType "swiss"]
[EventRounds "9"]
[EventCountry "ESP"]
[SourceTitle "CBM 189 Extra"]
[Source "ChessBase"]
[SourceDate "2019.06.03"]
[SourceVersion "1"]
[SourceVersionDate "2019.06.03"]
[SourceQuality "1"]

1. e4 d6 2. d4 Nf6 3. Nc3 g6 4. Nf3 Bg7 5. Bc4 0-0 6. h3 Nxe4 7. Nxe4 d5 8. Bd3 dxe4 9. Bxe4 Nd7 10. 0-0 e5 11. Bg5 f6 12. Bh4 exd4 13. Qxd4 Nb6 14. Qc5 Qd6 15. Qxd6 cxd6 16. c3 d5 17. Bc2 Be6 18. Rfe1 Rfe8 19. a4 a5 20. Bg3 f5 21. Bc7 Nc4 22. Rab1 Rac8 23. Bf4 Bf7 24. Rec1 Rc6 25. Bd3 Rec8 26. Nd4 Rb6 27. b3 Bxd4 28. cxd4 Nd6 29. Rxc8+ Nxc8 30. Bd2 Ne7 31. Bxa5 Re6 32. Bb4 Nc6 33. Bc3 f4 34. b4 g5 35. b5 Nd8 36. a5 Bg6 37. Bxg6 hxg6 38. Ra1 Re7 39. Bb4 Rd7 40. Bc5 1-0

[Event "ESP-ch 83rd"]
[Site "Linares"]
[Date "2018.08.26"]
[Round "7"]
[White "Tudela Corbalan, Carlos"]
[Black "Vega Gutierrez, Sabrina Neide"]
[Result "0-1"]
[WhiteElo "2246"]
[BlackElo "2390"]
[PlyCount "40"]
[EventDate "2018.08.20"]
[EventType "swiss"]
[EventRounds "9"]
[EventCountry "ESP"]
[SourceTitle "CBM 186 Extra"]
[Source "ChessBase"]
[SourceDate "2018.08.24"]
[SourceVersion "1"]
[SourceVersionDate "2018.08.24"]
[SourceQuality "1"]

1. c4 e5 2. Nc3 Nf6 3. e3 Nc6 4. Nf3 Bb4 5. d4 e4 6. Nd2 Bxc3 7. bxc3 d6 8. Be2 0-0 9. 0-0 Re8 10. Nb3 Ne7 11. c5 d5 12. c4 Nf5 13. Bd2 Nh4 14. Rb1 dxc4 15. Na5 Qd5 16. Kh1 Qg5 17. Rg1 Ng4 18. Be1 Nxh2 19. f4 Qh6 20. g4 Nxg4 0-1

[Event "ESP-ch 83rd"]
[Site "Linares"]
[Date "2018.08.24"]
[Round "5"]
[White "Tudela Corbalan, Carlos"]
[Black "Antunez Munoz, Ines"]
[Result "1-0"]
[WhiteElo "2246"]
[BlackElo "1956"]
[PlyCount "95"]
[EventDate "2018.08.20"]
[EventType "swiss"]
[EventRounds "9"]
[EventCountry "ESP"]
[SourceTitle "CBM 186 Extra"]
[Source "ChessBase"]
[SourceDate "2018.08.24"]
[SourceVersion "1"]
[SourceVersionDate "2018.08.24"]
[SourceQuality "1"]

1. c4 e5 2. Nc3 Nc6 3. g3 Bc5 4. Bg2 d6 5. e3 a6 6. Nge2 Ba7 7. b3 Nge7 8. Bb2 0-0 9. d4 exd4 10. exd4 Nf5 11. Nd5 Re8 12. 0-0 Rb8 13. Qd2 Nce7 14. Nxe7+ Qxe7 15. Nf4 Qg5 16. Rad1 Bd7 17. Qc3 h5 18. Nd5 c6 19. Bc1 Qg6 20. Nf4 Qh6 21. c5 h4 22. g4 Ne7 23. h3 Qf6 24. Nh5 Qg6 25. Nf4 Qf6 26. b4 Rbd8 27. Rfe1 d5 28. Re5 g6 29. Rde1 Nc8 30. Nd3 Bb8 31. Bg5 Qg7 32. Bxd8 Bxe5 33. Nxe5 Rxd8 34. Nxd7 Rxd7 35. Re8+ Kh7 36. Rxc8 Re7 37. g5 f6 38. Qd2 fxg5 39. Qxg5 Re1+ 40. Kh2 Qe7 41. Qxe7+ Rxe7 42. a4 Kh6 43. Rb8 Rf7 44. Kg1 Kg5 45. b5 axb5 46. axb5 Kf4 47. b6 Kg5 48. Rc8 1-0

[Event "ESP-ch rapid"]
[Site "Linares"]
[Date "2018.08.19"]
[Round "2"]
[White "Tudela Corbalan, Carlos"]
[Black "Galiana Fernandez, Adrian"]
[Result "0-1"]
[WhiteElo "2246"]
[BlackElo "2291"]
[PlyCount "66"]
[EventDate "2018.08.19"]
[EventType "swiss (rapid)"]
[EventRounds "9"]
[EventCountry "ESP"]
[SourceTitle "CBM 186 Extra"]
[Source "ChessBase"]
[SourceDate "2018.08.24"]
[SourceVersion "1"]
[SourceVersionDate "2018.08.24"]
[SourceQuality "1"]

1. c4 g6 2. Nc3 c5 3. g3 Bg7 4. Bg2 e6 5. e3 Ne7 6. Nge2 0-0 7. 0-0 Nbc6 8. b3 a6 9. Bb2 b5 10. d4 cxd4 11. exd4 bxc4 12. bxc4 Rb8 13. Ba3 Re8 14. d5 Ne5 15. Bd6 Rb2 16. Na4 Nxc4 17. Bxe7 Qxe7 18. Nxb2 Nxb2 19. Qc2 exd5 20. Nf4 d6 21. Nxd5 Qd8 22. Rae1 Be6 23. Qc7 Nd3 24. Qxd8 Rxd8 25. Re3 Nc5 26. Rb1 a5 27. h3 a4 28. Re2 Kf8 29. Rb6 a3 30. Rb5 Bb2 31. Nb4 Bc4 32. Rxc5 dxc5 33. Re4 cxb4 0-1

[Event "La Roda op 45th"]
[Site "La Roda"]
[Date "2018.03.29"]
[Round "3"]
[White "Campora, Daniel Hugo"]
[Black "Tudela Corbalan, Carlos"]
[Result "1/2-1/2"]
[WhiteElo "2419"]
[BlackElo "2232"]
[PlyCount "82"]
[EventDate "2018.03.28"]
[EventType "swiss"]
[EventRounds "9"]
[EventCountry "ESP"]
[SourceTitle "CBM 183 Extra"]
[Source "ChessBase"]
[SourceDate "2018.04.19"]
[SourceVersion "1"]
[SourceVersionDate "2018.04.19"]
[SourceQuality "1"]

1. e4 g6 2. d4 Bg7 3. Nc3 d6 4. Be3 Nd7 5. Qd2 a6 6. a4 b6 7. f3 Bb7 8. Nh3 e6 9. Nf2 Qe7 10. Be2 Ngf6 11. 0-0 0-0 12. Rad1 Ne8 13. f4 f5 14. e5 Kh8 15. Nd3 Be4 16. Nxe4 fxe4 17. Nb4 Nb8 18. c4 c5 19. Nc2 dxe5 20. dxe5 Nc6 21. Qd7 Qxd7 22. Rxd7 g5 23. g3 gxf4 24. gxf4 Bh6 25. Rb7 Rd8 26. Rxb6 Nd4 27. Bd1 Ng7 28. f5 Ngxf5 29. Bxh6 Nxh6 30. Rxf8+ Rxf8 31. Ne3 Nhf5 32. Kf2 Nh4+ 33. Kg3 Ng6 34. b4 Nxe5 35. bxc5 Nd3 36. c6 Rg8+ 37. Kh4 Ne5 38. c7 Ndf3+ 39. Bxf3 Nxf3+ 40. Kh3 Ng1+ 41. Kh4 Nf3+ 1/2-1/2

[Event "Mondariz Balneario Cemar op 4th"]
[Site "Mondariz"]
[Date "2017.08.21"]
[Round "7"]
[White "Dias, Ivo Rodrigues"]
[Black "Tudela Corbalan, Carlos"]
[Result "1-0"]
[WhiteElo "2223"]
[BlackElo "2206"]
[PlyCount "65"]
[EventDate "2017.08.16"]
[EventType "swiss"]
[EventRounds "9"]
[EventCountry "ESP"]
[SourceTitle "CBM 180 Extra"]
[Source "ChessBase"]
[SourceDate "2017.10.06"]
[SourceVersion "1"]
[SourceVersionDate "2017.10.06"]
[SourceQuality "1"]

1. e4 g6 2. d4 Bg7 3. Nc3 c6 4. Nf3 d5 5. h3 Nh6 6. e5 f6 7. exf6 exf6 8. Bd3 0-0 9. 0-0 b6 10. Bf4 Nf7 11. Re1 Bb7 12. Qd2 Na6 13. Re6 Nc7 14. Re2 Ne8 15. Rae1 Ned6 16. b3 c5 17. Nb5 Ne4 18. Qc1 g5 19. Bh2 f5 20. Nc7 g4 21. hxg4 fxg4 22. Bxe4 dxe4 23. Nd2 Ng5 24. d5 Rc8 25. Nxe4 Nxe4 26. Rxe4 Qf6 27. Rf4 Qg6 28. Rxf8+ Rxf8 29. Ne6 Qf5 30. Qd2 Bh6 31. Qxh6 Qxf2+ 32. Kh1 Qxe1+ 33. Bg1 1-0

[Event "Mondariz Balneario Cemar op 4th"]
[Site "Mondariz"]
[Date "2017.08.20"]
[Round "6"]
[White "Tudela Corbalan, Carlos"]
[Black "Gorbatov, Alexej"]
[Result "0-1"]
[WhiteElo "2206"]
[BlackElo "2360"]
[PlyCount "100"]
[EventDate "2017.08.16"]
[EventType "swiss"]
[EventRounds "9"]
[EventCountry "ESP"]
[SourceTitle "CBM 180 Extra"]
[Source "ChessBase"]
[SourceDate "2017.10.06"]
[SourceVersion "1"]
[SourceVersionDate "2017.10.06"]
[SourceQuality "1"]

1. c4 g6 2. Nc3 Bg7 3. g3 e5 4. Bg2 Ne7 5. e3 Nbc6 6. Nge2 d6 7. 0-0 h5 8. d4 h4 9. d5 Nb8 10. e4 hxg3 11. hxg3 Nd7 12. Be3 Nf6 13. f3 Bh6 14. Bxh6 Rxh6 15. Qd2 Rh8 16. b4 Kf8 17. c5 Kg7 18. Kf2 a5 19. a3 Bh3 20. Bxh3 Rxh3 21. Rh1 Qd7 22. Kg2 Rxh1 23. Rxh1 Neg8 24. Qd3 axb4 25. axb4 Ne7 26. Qe3 Neg8 27. cxd6 cxd6 28. Qb6 Ra6 29. Qb5 Qc8 30. Rc1 Qa8 31. Qc4 Qa7 32. b5 Ra3 33. Qb4 Ne8 34. b6 Qa5 35. Qb2 Ngf6 36. Rc2 Nd7 37. Nb5 Ra4 38. Nc7 Nef6 39. g4 Rb4 40. Qc1 Qxb6 41. g5 Nh5 42. Ne8+ Kf8 43. Rc8 Ke7 44. Nc7 Ng7 45. Rg8 Rb2 46. Qc4 Qe3 47. Kf1 Qxf3+ 48. Ke1 Qe3 49. Kf1 Rb1+ 50. Kg2 Re1 0-1

[Event "ESP-ch 80th"]
[Site "Linares"]
[Date "2015.08.30"]
[Round "8"]
[White "Plazuelo Pascual, Juan"]
[Black "Tudela Corbalan, Carlos"]
[Result "1/2-1/2"]
[WhiteElo "2303"]
[BlackElo "2169"]
[PlyCount "117"]
[EventDate "2015.08.23"]
[EventType "swiss"]
[EventRounds "9"]
[EventCountry "ESP"]
[SourceTitle "EXT 2016"]
[Source "ChessBase"]
[SourceDate "2015.10.08"]
[SourceVersion "1"]
[SourceVersionDate "2015.10.08"]
[SourceQuality "1"]

1. d4 f5 2. Nc3 Nf6 3. Bg5 c6 4. Qd2 d5 5. f3 h6 6. Bxf6 exf6 7. e4 fxe4 8. fxe4 dxe4 9. Nxe4 f5 10. Ng3 Bd6 11. 0-0-0 Qg5 12. Re1+ Kd8 13. Nf3 Qxd2+ 14. Kxd2 Bxg3 15. hxg3 Rf8 16. Bd3 Nd7 17. Nh4 Nb6 18. Rhf1 Nd5 19. Bxf5 Kc7 20. c4 Nf6 21. Bxc8 Raxc8 22. Re7+ Kb8 23. Kd3 Rc7 24. Rfe1 Rf7 25. Nf5 Rd7 26. Rxd7 Nxd7 27. Nd6 Rf2 28. Re8+ Kc7 29. c5 Nf6 30. Re7+ Kd8 31. Rxg7 Rxb2 32. Nxb7+ Kc8 33. Na5 Rxa2 34. Nxc6 a5 35. Na7+ Kb8 36. c6 Nd5 37. Rb7+ Ka8 38. Ke4 Nb4 39. Rxb4 Kxa7 40. Rc4 Kb8 41. c7+ Kc8 42. Kd5 Rf2 43. Kc6 a4 44. d5 a3 45. d6 Rd2 46. Ra4 Rc2+ 47. Kd5 a2 48. Ra8+ Kb7 49. d7 Rd2+ 50. Ke6 Kxc7 51. Rc8+ Kb7 52. Rc1 Re2+ 53. Kf7 Rd2 54. Ke6 Re2+ 55. Kf6 Rd2 56. Ke7 Re2+ 57. Kd8 Rxg2 58. Ke7 Re2+ 59. Kf6 1/2-1/2

[Event "ESP-ch 80th"]
[Site "Linares"]
[Date "2015.08.29"]
[Round "7"]
[White "Tudela Corbalan, Carlos"]
[Black "Garcia Martin, Marta"]
[Result "1/2-1/2"]
[WhiteElo "2169"]
[BlackElo "2062"]
[PlyCount "71"]
[EventDate "2015.08.23"]
[EventType "swiss"]
[EventRounds "9"]
[EventCountry "ESP"]
[SourceTitle "EXT 2016"]
[Source "ChessBase"]
[SourceDate "2015.10.08"]
[SourceVersion "1"]
[SourceVersionDate "2015.10.08"]
[SourceQuality "1"]

1. c4 Nf6 2. Nc3 e5 3. g3 Bb4 4. Bg2 0-0 5. e4 Bxc3 6. bxc3 Re8 7. Ne2 c6 8. 0-0 d5 9. cxd5 cxd5 10. exd5 Nxd5 11. Qb3 Nb6 12. d4 Be6 13. Qc2 Bd5 14. Bxd5 Qxd5 15. dxe5 Qxe5 16. Nd4 Qc5 17. Rb1 Nc6 18. Be3 Nxd4 19. Bxd4 Qc6 20. Qb3 Re7 21. Qb5 Rc8 22. Rfd1 h6 23. Qa5 Na4 24. Re1 b6 25. Qf5 Rce8 26. Rxe7 Rxe7 27. Qg4 f6 28. Rc1 Nc5 29. h4 Re4 30. Qh5 Qe6 31. Bxc5 Re5 32. Qf3 Rxc5 33. Qa8+ Kh7 34. Qxa7 Ra5 35. Qb7 Rxa2 36. Qf3 1/2-1/2

[Event "ESP-ch rapid"]
[Site "Linares"]
[Date "2015.08.22"]
[Round "4"]
[White "Arribas Lopez, Angel"]
[Black "Tudela Corbalan, Carlos"]
[Result "1-0"]
[WhiteElo "2559"]
[BlackElo "2169"]
[PlyCount "58"]
[EventDate "2015.08.22"]
[EventType "swiss (rapid)"]
[EventRounds "9"]
[EventCountry "ESP"]
[SourceTitle "EXT 2016"]
[Source "ChessBase"]
[SourceDate "2015.10.08"]
[SourceVersion "1"]
[SourceVersionDate "2015.10.08"]
[SourceQuality "1"]

1. e4 e5 2. Nf3 Nc6 3. d4 exd4 4. Nxd4 Bb4+ 5. c3 Bc5 6. Nb3 Bb6 7. Qe2 d6 8. Na3 Be6 9. Nc4 Nge7 10. a4 Bxc4 11. Qxc4 a6 12. a5 Ba7 13. Bg5 Qd7 14. h4 h6 15. Bd2 Ng6 16. h5 Nge5 17. Qe2 Ng4 18. f3 Nf2 19. Rh4 Ne5 20. Nc1 f5 21. Be3 fxe4 22. Bxa7 exf3 23. Qxf2 0-0 24. g3 b6 25. Nd3 Ng4 26. Rxg4 Qxg4 27. axb6 Rae8+ 28. Kd2 Re1 29. Kxe1 Ra8 1-0

[Event "ESP-ch rapid"]
[Site "Linares"]
[Date "2015.08.22"]
[Round "8"]
[White "Ortega Ruiz, Jose Miguel"]
[Black "Tudela Corbalan, Carlos"]
[Result "1-0"]
[WhiteElo "2300"]
[BlackElo "2169"]
[PlyCount "83"]
[EventDate "2015.08.22"]
[EventType "swiss (rapid)"]
[EventRounds "9"]
[EventCountry "ESP"]
[SourceTitle "EXT 2016"]
[Source "ChessBase"]
[SourceDate "2015.10.08"]
[SourceVersion "1"]
[SourceVersionDate "2015.10.08"]
[SourceQuality "1"]

1. d4 f5 2. e4 fxe4 3. Nc3 Nf6 4. Bg5 c6 5. f3 Qa5 6. Qd2 e3 7. Bxe3 e6 8. a3 b6 9. Ne4 Qxd2+ 10. Kxd2 Na6 11. Bd3 Be7 12. Nh3 0-0 13. Rae1 Nc7 14. Bf4 Nce8 15. c4 Bb7 16. Bg3 a5 17. Rc1 c5 18. dxc5 bxc5 19. Rhe1 Ra6 20. Kc2 Rb6 21. Nc3 Bc6 22. Re2 Nd6 23. Rce1 Rfb8 24. Kc1 Nfe8 25. Be5 R8b7 26. f4 Nf7 27. Ne4 d5 28. cxd5 exd5 29. Neg5 Nxe5 30. Bxh7+ Kf8 31. fxe5 Bxg5+ 32. Nxg5 Ke7 33. Rf2 d4 34. Rf7+ Kd8 35. Ne6+ Kc8 36. Rxb7 Bxb7 37. Nxc5 Bxg2 38. e6 Rc6 39. b4 axb4 40. axb4 Rb6 41. e7 Rxb4 42. Rh1 1-0

[Event "Roquetas de Mar op 25th"]
[Site "Roquetas de Mar"]
[Date "2014.01.03"]
[Round "2"]
[White "Gonzalez Perez, Arian"]
[Black "Tudela Corbalan, Carlos"]
[Result "1-0"]
[WhiteElo "2492"]
[BlackElo "2253"]
[PlyCount "57"]
[EventDate "2014.01.02"]
[EventType "swiss"]
[EventRounds "9"]
[EventCountry "ESP"]
[SourceTitle "CBM 158 Extra"]
[Source "ChessBase"]
[SourceDate "2014.02.28"]
[SourceVersion "1"]
[SourceVersionDate "2014.02.28"]
[SourceQuality "1"]

1. e4 g6 2. d4 Bg7 3. Nf3 d6 4. Nbd2 Nd7 5. Bd3 a6 6. 0-0 e6 7. Re1 Ne7 8. Nf1 b6 9. Ng3 Bb7 10. c3 0-0 11. Be3 e5 12. Qd2 d5 13. Bh6 exd4 14. Bxg7 Kxg7 15. Nxd4 c5 16. Nf3 dxe4 17. Bxe4 Bxe4 18. Rxe4 Nc6 19. Rh4 Rh8 20. Rd1 Ra7 21. Nf5+ Kg8 22. Nh6+ Kg7 23. Nxf7 Kxf7 24. Ng5+ Ke8 25. Re4+ Ne7 26. Qd6 Rf8 27. Nxh7 Rf7 28. Qxg6 Qa8 29. Ng5 1-0

[Event "La Roda op 40th"]
[Site "La Roda"]
[Date "2013.03.31"]
[Round "9"]
[White "Tudela Corbalan, Carlos"]
[Black "Starostits, Ilmars"]
[Result "0-1"]
[WhiteElo "2232"]
[BlackElo "2470"]
[PlyCount "79"]
[EventDate "2013.03.27"]
[EventType "swiss"]
[EventRounds "9"]
[EventCountry "ESP"]
[SourceTitle "CBM 153 Extra"]
[Source "ChessBase"]
[SourceDate "2013.04.22"]
[SourceVersion "1"]
[SourceVersionDate "2013.04.22"]
[SourceQuality "1"]

1. e4 c6 2. d4 d5 3. e5 Bf5 4. c4 e6 5. Nc3 Ne7 6. a3 dxc4 7. Bxc4 Nd5 8. Nge2 Be7 9. 0-0 0-0 10. Ng3 Bg6 11. f4 Nxc3 12. bxc3 Nd7 13. f5 exf5 14. Nxf5 Nb6 15. Bb3 c5 16. Be3 c4 17. Bc2 Nd5 18. Bd2 Bg5 19. Be4 Bxf5 20. Rxf5 Be3+ 21. Kh1 g6 22. Rf3 Bxd2 23. Qxd2 Rc8 24. Raf1 Rc7 25. Rf6 Rc6 26. R6f3 Rc7 27. Qf2 Kg7 28. Qg3 Re7 29. Rf6 Re6 30. Bxd5 Qxd5 31. Qf4 Rc6 32. h4 Rxf6 33. exf6+ Kh8 34. Re1 Qc6 35. d5 Qxd5 36. Qh6 Rg8 37. Re8 Qd1+ 38. Kh2 Qd6+ 39. g3 Qxf6 40. Qe3 0-1

[Event "La Roda op 40th"]
[Site "La Roda"]
[Date "2013.03.29"]
[Round "4"]
[White "Lopez Martinez, Josep Manuel"]
[Black "Tudela Corbalan, Carlos"]
[Result "1-0"]
[WhiteElo "2500"]
[BlackElo "2232"]
[PlyCount "63"]
[EventDate "2013.03.27"]
[EventType "swiss"]
[EventRounds "9"]
[EventCountry "ESP"]
[SourceTitle "CBM 153 Extra"]
[Source "ChessBase"]
[SourceDate "2013.04.22"]
[SourceVersion "1"]
[SourceVersionDate "2013.04.22"]
[SourceQuality "1"]

1. e4 g6 2. d4 Bg7 3. Nc3 c6 4. f4 d5 5. e5 Nh6 6. Be2 f6 7. Nf3 Bg4 8. Be3 0-0 9. g3 fxe5 10. dxe5 Nf5 11. Bf2 e6 12. Ng5 Bxe2 13. Qxe2 Qe7 14. 0-0-0 Nd7 15. h4 b5 16. g4 Nh6 17. Be3 Nb6 18. Rdf1 Nc4 19. Nd1 Nf7 20. Nf3 c5 21. g5 Rfd8 22. h5 d4 23. Bd2 Nxb2 24. Kxb2 c4 25. hxg6 hxg6 26. Ka1 c3 27. Bc1 Rac8 28. Qh2 Nh8 29. Nf2 Rc4 30. Qh7+ Kf7 31. Ne4 Qb7 32. Nf6 1-0

[Event "La Roda op 40th"]
[Site "La Roda"]
[Date "2013.03.28"]
[Round "3"]
[White "Tudela Corbalan, Carlos"]
[Black "Perez Mitjans, Orelvis"]
[Result "1-0"]
[WhiteElo "2232"]
[BlackElo "2487"]
[PlyCount "61"]
[EventDate "2013.03.27"]
[EventType "swiss"]
[EventRounds "9"]
[EventCountry "ESP"]
[SourceTitle "CBM 153 Extra"]
[Source "ChessBase"]
[SourceDate "2013.04.22"]
[SourceVersion "1"]
[SourceVersionDate "2013.04.22"]
[SourceQuality "1"]

1. e4 d5 2. exd5 Qxd5 3. Nc3 Qd6 4. d4 Nf6 5. Nf3 Bg4 6. h3 Bh5 7. g4 Bg6 8. Ne5 Nbd7 9. Nb5 Qb6 10. Be3 c6 11. d5 Qa5+ 12. b4 Qd8 13. Nxg6 hxg6 14. dxc6 bxc6 15. Nd4 Nd5 16. Nxc6 Nxe3 17. fxe3 Qb6 18. Qf3 e6 19. a3 Be7 20. 0-0-0 Bg5 21. Rd3 Nf6 22. c4 a5 23. c5 Qb7 24. Ne5 Nd5 25. Rxd5 exd5 26. Bb5+ Kf8 27. Bc6 Qa7 28. Bxa8 axb4 29. Qxd5 Bf6 30. Bb7 Qxa3+ 31. Kb1 1-0

[Event "Roquetas de Mar op 24th"]
[Site "Roquetas de Mar"]
[Date "2013.01.03"]
[Round "2"]
[White "Plaskett, H James"]
[Black "Tudela Corbalan, Carlos"]
[Result "1-0"]
[WhiteElo "2495"]
[BlackElo "2242"]
[PlyCount "61"]
[EventDate "2013.01.02"]
[EventType "swiss"]
[EventRounds "9"]
[EventCountry "ESP"]
[SourceTitle "CBM 152 Extra"]
[Source "ChessBase"]
[SourceDate "2013.02.25"]
[SourceVersion "1"]
[SourceVersionDate "2013.02.25"]
[SourceQuality "1"]

1. d4 Nf6 2. Bg5 d6 3. Nc3 Nbd7 4. e4 e5 5. Nf3 Be7 6. Qd2 c6 7. 0-0-0 Qc7 8. d5 0-0 9. h3 a6 10. g4 c5 11. Nh4 b5 12. Nf5 Bd8 13. f3 c4 14. Ne2 Rb8 15. Kb1 b4 16. Qe3 a5 17. Neg3 a4 18. Rh2 c3 19. b3 Ra8 20. Bb5 Nc5 21. Nxg7 axb3 22. cxb3 Ra3 23. Bc4 Qa5 24. Bxf6 Bxf6 25. N7h5 Rd8 26. Nxf6+ Kf8 27. Qg5 Nxb3 28. Bxb3 Rxb3+ 29. axb3 Qa3 30. Rc1 Be6 31. Ra2 1-0

[Event "La Roda op 38th"]
[Site "La Roda"]
[Date "2011.04.22"]
[Round "5"]
[White "Paunovic, Dragan"]
[Black "Tudela Corbalan, Carlos"]
[Result "1-0"]
[WhiteElo "2504"]
[BlackElo "2248"]
[PlyCount "65"]
[EventDate "2011.04.20"]
[EventType "swiss"]
[EventRounds "9"]
[EventCountry "ESP"]
[SourceTitle "EXT 2012"]
[Source "ChessBase"]
[SourceDate "2011.11.24"]
[SourceVersion "1"]
[SourceVersionDate "2011.11.24"]
[SourceQuality "1"]

1. Nf3 g6 2. g3 Bg7 3. Bg2 d6 4. c4 e5 5. Nc3 Nc6 6. d3 f5 7. 0-0 Nf6 8. Rb1 0-0 9. Bg5 h6 10. Bxf6 Bxf6 11. Nd5 Be6 12. Nd2 Bg7 13. b4 f4 14. e3 g5 15. b5 Na5 16. exf4 gxf4 17. Re1 c6 18. bxc6 bxc6 19. Nxf4 Bf5 20. Nh5 Bxd3 21. Rc1 Bh8 22. Be4 Bxe4 23. Nxe4 Nb7 24. Qd2 Bg7 25. Rcd1 Qe7 26. Re3 Rad8 27. Rd3 Qf7 28. Nxg7 Kxg7 29. Qe3 d5 30. cxd5 cxd5 31. Nc3 d4 32. Qxe5+ Kg8 33. Ne4 1-0

[Event "Collado Villalba op-A 27th"]
[Site "Collado Villalba"]
[Date "2010.08.22"]
[Round "3"]
[White "Davicce Canada, Juan Antonio"]
[Black "Tudela Corbalan, Carlos"]
[Result "0-1"]
[WhiteElo "2080"]
[BlackElo "2209"]
[PlyCount "106"]
[EventDate "2010.08.20"]
[EventType "swiss"]
[EventRounds "10"]
[EventCountry "ESP"]
[SourceTitle "CBM 138 Extra"]
[Source "ChessBase"]
[SourceDate "2010.10.29"]
[SourceVersion "1"]
[SourceVersionDate "2010.10.29"]
[SourceQuality "1"]

1. d4 f5 2. g3 Nf6 3. Bg2 g6 4. Nh3 Bg7 5. c4 0-0 6. Nc3 d6 7. d5 Na6 8. Nf4 Qe8 9. 0-0 Nc5 10. Nb5 Qf7 11. h4 e5 12. dxe6 Nxe6 13. Nxe6 Bxe6 14. Bxb7 Rab8 15. Bg2 Bxc4 16. Nc3 Kh8 17. Qc2 Nh5 18. Bf3 Be5 19. b3 Be6 20. Bb2 g5 21. hxg5 Ng7 22. Kg2 f4 23. Ne4 Bf5 24. Qd2 Qg6 25. Bxe5 dxe5 26. Qc2 fxg3 27. fxg3 Ne6 28. Qc4 Nd4 29. Qd5 Rb5 30. Nc5 Qxg5 31. Qxe5+ Qg7 32. Qxg7+ Kxg7 33. Na4 Nc2 34. Rac1 Ne3+ 35. Kf2 Nxf1 36. Rxc7+ Rf7 37. Rxf7+ Kxf7 38. Kxf1 Ke6 39. Kf2 Ke5 40. Ke3 Rb8 41. Nc3 Rg8 42. Kf2 Bd7 43. Nd1 Kd4 44. Ne3 Be6 45. Nd1 Rc8 46. Ne3 Rc1 47. Nc4 Bxc4 48. bxc4 Ra1 49. Bd5 Rxa2 50. Bg8 h6 51. Kf3 Rc2 52. e4 Ke5 53. Bd5 a5 0-1